| 000 -LEADER |
| fixed length control field |
00381nam a22001457a 4500 |
| 008 - FIXED-LENGTH DATA ELEMENTS--GENERAL INFORMATION |
| fixed length control field |
150604b xxu||||| |||| 00| 0 eng d |
| 020 ## - INTERNATIONAL STANDARD BOOK NUMBER |
| International Standard Book Number |
9780078687198 |
| 041 0# - LANGUAGE CODE |
| Language code of text/sound track or separate title |
eng |
| 080 ## - UNIVERSAL DECIMAL CLASSIFICATION NUMBER |
| Universal Decimal Classification number |
658.14 |
| 100 ## - Rafti |
| Rafti |
Kapoor, Jack R. |
| 245 00 - TITLE STATEMENT |
| Title |
Personal Finance: |
| 300 ## - |
| -- |
578 f. : |
| -- |
me il. ; |
| -- |
26 cm |
| 650 #0 - |
| -- |
Financat personale |
| 942 ## - ADDED ENTRY ELEMENTS (KOHA) |
| Source of classification or shelving scheme |
|
| Item type |
Books |